[Event "RSA-ch U08 Girls"]
[Site "Waterkloof"]
[Date "2015.04.04"]
[Round "2"]
[White "Beetge, Wilna"]
[Black "Bruintjies, Hailey Carla"]
[Result "0-1"]
[WhiteElo "696"]
[BlackElo "778"]
[PlyCount "59"]
[EventDate "2015.04.04"]
[EventType "swiss"]
[EventRounds "9"]
[EventCountry "RSA"]
[SourceTitle "CBM 166 Extra"]
[Source "ChessBase"]
[SourceDate "2015.06.18"]
[SourceVersion "1"]
[SourceVersionDate "2015.06.18"]
[SourceQuality "1"]

1. e4 c5 2. Nf3 d5 3. e5 Nc6 4. Nc3 d4 5. Ne4 Bf5 6. d3 Bxe4 7. dxe4 e6 8. Bg5 Qd7 9. Bc4 h6 10. Bf4 a6 11. 0-0 b5 12. Bd3 c4 13. Be2 Nge7 14. Qd2 g6 15. Qd1 Bg7 16. c3 Rd8 17. Qd2 0-0 18. Bxh6 dxc3 19. Qg5 cxb2 20. Rab1 f6 21. Qh4 fxe5 22. Bxg7 Kxg7 23. Rxb2 c3 24. Rc2 Nd4 25. Nxd4 exd4 26. Rd1 e5 27. h3 Qe6 28. Ra1 Qf6 29. Qxf6+ Rxf6 30. Rd1 0-1